[Event "Vienna op 13th"]
[Site "Vienna"]
[Date "1998.??.??"]
[Round "?"]
[White "Kummer, Helmut"]
[Black "Mohamadi Zaafrani, Masoud"]
[Result "1-0"]
[WhiteElo "2370"]
[BlackElo "2085"]
[PlyCount "59"]
[EventDate "1998.10.25"]
[EventType "swiss"]
[EventRounds "9"]
[EventCountry "AUT"]
[SourceTitle "EXT 2000"]
[Source "ChessBase"]
[SourceDate "1999.11.16"]
[SourceVersion "1"]
[SourceVersionDate "1999.11.16"]
[SourceQuality "1"]

1. d4 Nf6 2. c4 e6 3. Nf3 d5 4. Nc3 Be7 5. Bg5 b6 6. e3 Nbd7 7. Bd3 Bb7 8. 0-0 0-0 9. Qe2 c5 10. Rfd1 cxd4 11. exd4 dxc4 12. Bxc4 Rc8 13. Bb3 Nd5 14. Bxd5 Bxd5 15. Bxe7 Bxf3 16. Qxf3 Qxe7 17. Qb7 a5 18. d5 Rb8 19. Qa7 Ra8 20. Qc7 Rfc8 21. d6 Qe8 22. Qb7 Rab8 23. Qf3 Rc5 24. Rd4 Rf5 25. Qg3 Rc5 26. Rad1 Qd8 27. h4 b5 28. a3 Qf6 29. Ne4 Qe5 30. b4 1-0

[Event "Vienna op 13th"]
[Site "Vienna"]
[Date "1998.??.??"]
[Round "?"]
[White "Mohamadi Zaafrani, Masoud"]
[Black "Wells, Peter K"]
[Result "0-1"]
[WhiteElo "2085"]
[BlackElo "2530"]
[PlyCount "54"]
[EventDate "1998.10.25"]
[EventType "swiss"]
[EventRounds "9"]
[EventCountry "AUT"]
[SourceTitle "EXT 2000"]
[Source "ChessBase"]
[SourceDate "1999.11.16"]
[SourceVersion "1"]
[SourceVersionDate "1999.11.16"]
[SourceQuality "1"]

1. c4 e6 2. g3 d5 3. cxd5 exd5 4. Bg2 Nf6 5. Nf3 c6 6. d3 Bg4 7. Bd2 Nbd7 8. Bc3 a5 9. 0-0 Bc5 10. Ne5 Nxe5 11. Bxe5 0-0 12. Qc2 Ba7 13. Nc3 Nd7 14. Bf4 Nc5 15. e4 dxe4 16. dxe4 Ne6 17. Qc1 Nxf4 18. Qxf4 Bh5 19. e5 Re8 20. Rfe1 Qe7 21. Qc4 Qb4 22. Qf4 Qxb2 23. Ne4 Qxe5 24. Qh4 Rad8 25. Ng5 Qf6 26. Rxe8+ Rxe8 27. Qxh5 Qxf2+ 0-1